Boly raz tri malé deti ... utiahnutý a kajúcny život fátimských vyvolencov

Bibliographic Details
Main Author: Barthas, Casimir, 1884-1973 (Author)
Other Authors: Buday, Ján (Translator)
Format: Book
Language:Slovak
Portuguese
PhysicalDescription:209, [iii] s. ilustr. 8°
Published: Trnava Spolok sv. Vojtecha 1944
Subjects:

MARC

LEADER 00000cam a2200000 a 4500
001 vtls008363701
003 SK-MaSNL
005 20260301123357.0
008 250313s1944 xo a 000 0 slo
015 |a SNBA19421945-015/0122 
035 |a SK01SNKBKSD220010055918 
035 |a urn:nbn:sk:snk-am3hvvg 
035 |a D3524BBB-38C4-42AD-8AC5-058A2E8D5F5C 
035 |a urn:nbn:sk:snk-am00dauc 
035 |a SKM000058381 
040 |a SNK  |b slo  |c SNK  |e AACR2 
041 1 |a slo  |h por 
044 |a xo  |c SK 
080 |a 869.0  |2 1981 
080 |a 244  |2 1981 
100 1 |a Barthas, Casimir,  |d 1884-1973  |4 aut  |9 198652 
245 1 0 |a Boly raz tri malé deti ...  |b utiahnutý a kajúcny život fátimských vyvolencov  |c C. Barthas ; podľa najnovšieho opraveného vydania preložil Ján Buday 
260 |a Trnava  |b Spolok sv. Vojtecha  |c 1944  |e [s.l.]  |f [s.n.] 
300 |a 209, [iii] s.  |b ilustr.  |c 8° 
650 0 7 |a portugalská literatúra  |2 SNKPH  |9 1415 
650 0 7 |a náboženská literatúra  |2 SNKPH  |9 1487 
650 0 7 |a mariánske zjavenia  |2 SNKPH  |9 68936 
651 7 |a Fátima (Portugalsko)  |2 SNKPH  |9 110587 
655 7 |a monografie  |2 SNKPH  |9 70139 
700 1 |a Buday, Ján  |4 trl  |9 470282 
852 |a Slovenská národná knižnica 
958 |a OND 
958 |a RK 
958 |a TL 
958 |a NT 
958 |a UP 
999 |c 736005  |d 737935 
952 |a SNK  |b SNK  |y PREZ  |7 0  |p 17A0753193  |o snkSC 2748  |i snk2834/44  |0 0  |1 0  |4 0  |d 2018-07-03  |f 1  |l 0  |r 2025-06-17 00:00:00  |w 2026-02-23